| 000 | 00549nam a2200205Ia 4500 | ||
|---|---|---|---|
| 008 | 150520s9999 xx 000 0 und d | ||
| 050 | _aHF 5530 | ||
| 050 | _b.G943 2015 | ||
| 100 | _aGuilas, Alfie C. | ||
| 245 | _aPOS system for work express / | ||
| 245 | _cAlfie C. Guilas. | ||
| 260 | _aLas Piñas, Philippines : | ||
| 260 | _bSISC, | ||
| 260 | _c2015. | ||
| 300 | _a108 pages : | ||
| 300 | _billustrations ; | ||
| 300 | _c28 cm. | ||
| 500 | _aIncludes bibliographical references and appendices. | ||
| 650 | _aPoint-of-sale systems | ||
| 999 |
_c284094 _d284094 |
||